LEADER 01094nam--2200361---450- 001 990002058660203316 005 20090901105901.0 035 $a000205866 035 $aUSA01000205866 035 $a(ALEPH)000205866USA01 035 $a000205866 100 $a20041006d1980----km-y0itay0103----ba 101 0 $aita 102 $aIT 105 $a|||-||||001yy 200 1 $aI.V.A.$f[a cura della] Banca commerciale italiana 210 $aMilano$cBanca commerciale italiana$d1980 215 $aXXXI, 1161 p.$d25 cm 410 0$12001 454 1$12001 461 1$1001-------$12001 710 02$aBanca commerciale italiana$0375079 801 0$aIT$bsalbc$gISBD 912 $a990002058660203316 951 $aXXIV.5.A 65 (IG VII 251)$b57708 G.$cXXIV.5.A 65 (IG VIII)$d00239164 951 $aXXIV.5.A 65a (IG VII 254)$b58102 G.$cXXIV.5.A 65a (IG VII)$d00239182 959 $aBK 969 $aGIU 979 $aSIAVPROV$b10$c20041006$lUSA01$h1814 979 $aRSIAV2$b90$c20090901$lUSA01$h1032 979 $aRSIAV2$b90$c20090901$lUSA01$h1059 996 $aI.V.A$9581805 997 $aUNISA